The tinderbox / (Record no. 8949)

MARC details
000 -LEADER
fixed length control field 01078pam a2200325 a 4500
001 - CONTROL NUMBER
control field 8949
003 - CONTROL NUMBER IDENTIFIER
control field FISKH
005 - DATE AND TIME OF LATEST TRANSACTION
control field 20251111093843.0
008 - FIXED-LENGTH DATA ELEMENTS--GENERAL INFORMATION
fixed length control field 880323s1988 nyua j 000 1 eng
010 ## - LIBRARY OF CONGRESS CONTROL NUMBER
LC control number 88009206
020 ## - INTERNATIONAL STANDARD BOOK NUMBER
International Standard Book Number 0689504586 :
020 ## - INTERNATIONAL STANDARD BOOK NUMBER
International Standard Book Number 9780689504587
020 ## - INTERNATIONAL STANDARD BOOK NUMBER
International Standard Book Number 9788772478227
040 ## - CATALOGING SOURCE
Original cataloging agency DLC
Transcribing agency DLC
Modifying agency DLC
Language of cataloging eng
050 00 - LIBRARY OF CONGRESS CALL NUMBER
Classification number PZ8.A542
Item number Ti 1988
082 ## - DEWEY DECIMAL CLASSIFICATION NUMBER
Classification number 839.8136
100 1# - MAIN ENTRY--PERSONAL NAME
Personal name Andersen, H. C.
Fuller form of name (Hans Christian),
Dates associated with a name 1805-1875.
245 14 - TITLE STATEMENT
Title The tinderbox /
Statement of responsibility, etc. Hans Christian Andersen ; illustrated by Warwick Hutton.
250 ## - EDITION STATEMENT
Edition statement This edition published in 2005
260 ## - PUBLICATION, DISTRIBUTION, ETC.
Place of publication, distribution, etc. New York :
Name of publisher, distributor, etc. M.K. McElderry Books,
Date of publication, distribution, etc. 1988.
300 ## - PHYSICAL DESCRIPTION
Extent 32 unnumbered pages :
Other physical details color illustrations ;
Dimensions 28 cm
500 ## - GENERAL NOTE
General note Translation of: Fyrtøjet.
520 ## - SUMMARY, ETC.
Summary, etc. With the help of a magic tinderbox, a soldier finds a fortune and pursues a princess imprisoned in a castle.
650 #1 - SUBJECT ADDED ENTRY--TOPICAL TERM
Topical term or geographic name entry element Fairy tales.
700 1# - ADDED ENTRY--PERSONAL NAME
Personal name Hutton, Warwick,
Relator term ill.
740 0# - ADDED ENTRY--UNCONTROLLED RELATED/ANALYTICAL TITLE
Uncontrolled related/analytical title Tinder box.
906 ## - LOCAL DATA ELEMENT F, LDF (RLIN)
a 7
b cbc
c orignew
d 1
e ocip
f 19
g y-gencatlg
942 ## - ADDED ENTRY ELEMENTS (KOHA)
Source of classification or shelving scheme Dewey Decimal Classification
Koha item type Books
Suppress in OPAC No
Holdings
Withdrawn status Lost status Source of classification or shelving scheme Damaged status Not for loan Collection Home library Current library Shelving location Date acquired Total Checkouts Full call number Barcode Date last seen Copy number Price effective from Koha item type
    Dewey Decimal Classification     Juvenile Fiction Footprints International School Library Network Toul Tom Poung Campus Footprints International School Library Network Toul Tom Poung Campus TTP Secondary Fiction Bookshelves 11/11/2025   AND 839.8136 PZ8.A542 T FISBK00486 11/11/2025 1 11/11/2025 Books